| 000 | 00986nam a2200241Ia 4500 | ||
|---|---|---|---|
| 003 | Ost | ||
| 005 | 20260507075244.0 | ||
| 008 | 260507s9999||||xx |||||||||||||| ||und|| | ||
| 040 | _cfsecg | ||
| 041 | _aara | ||
| 082 | _a330 | ||
| 100 |
_aاحمد، جلال _eمؤلف |
||
| 245 | 0 |
_aمحاسبة التكاليف الزراعية / _c جلال احمد |
|
| 260 |
_aعمان: _bمكتبة المجتمع العربي, _c2010 |
||
| 300 |
_a223 صفحة؛ _bإيضاحات ؛ _c24 سم |
||
| 504 | _aمراجع ص.223 | ||
| 520 | _aالاقتصاد الزراعي ، الزراعة و اقتصادياتها ، محاسبة التكاليف في المنشآت الزراعية ، حسابات الانشطة الزراعية ، حسابات الانتاج الحيواني . | ||
| 653 | _aالزراعة | ||
| 653 | _aالمحاسبة | ||
| 653 | _aمحاسبة التكاليف | ||
| 700 |
_aنظمي ابراهيم، ايهاب _eمؤلف ثانوي |
||
| 942 | _cكتاب | ||
| 999 |
_c43643 _d43643 |
||